| 000 | 00892nam a2200265Ia 4500 | ||
|---|---|---|---|
| 003 | GCL | ||
| 008 | 140319s9999 xx 000 0 ara d | ||
| 040 |
_aGCL / _cGCL |
||
| 082 | 0 | 4 |
_aق _b301.21 _bم م |
| 100 | 1 | _aمحمد شفيق غربال | |
| 245 | 1 | 0 |
_aمن زاوية القاهرة (هدية من الاديب عبدالفتاح الجمل) / _cمحمد شفيق غربال |
| 300 | _a85 ص | ||
| 490 |
_aكتب ثقافية _v0 |
||
| 650 | 0 | 4 | _aجمال الدين الافغانى |
| 650 | 0 | 4 | _aالثقافة |
| 650 | 0 | 4 | _aالاحوال الثقافية |
| 650 | 0 | 4 | _aالقاهرة |
| 650 | 0 | 4 | _aالمدن العربية |
| 650 | 0 | 4 | _aابن تيمية، تقى الدين ابوالعباس |
| 650 | 0 | 4 | _aالشعوبية |
| 650 | 0 | 4 | _aعين جالوت |
| 650 | 0 | 4 | _aابوالحسن البصرى |
| 650 | 0 | 4 | _aابوحامد الغزالى |
| 942 |
_2ddc _cBK |
||
| 999 |
_c38431 _d38431 |
||